Pink Floyd's "Time" Lyrics - Statistics

General Stats
  • This quiz has been taken 500 times
  • The average score is 179 of 232
Answer Stats
Lyrics % Correct
a
99%
the
98%
The
98%
I
97%
day
95%
to
93%
To
93%
up
93%
you
93%
You
93%
away
92%
way
92%
an
91%
that
91%
and
90%
And
90%
in
90%
moments
90%
on
90%
is
89%
make
89%
of
89%
time
89%
home
85%
Home,
85%
be
84%
dull
84%
sun
84%
when
84%
your
84%
one
83%
run,
83%
run
83%
Ticking
82%
No
81%
again
78%
but
78%
year
78%
it's
77%
It's
77%
something
77%
told
77%
around
76%
behind
76%
come
76%
have
76%
ten
76%
Tired
76%
tired
76%
find
75%
gun
75%
missed
75%
starting
75%
death
74%
then
74%
years
74%
closer
73%
for
72%
ground
72%
older
72%
or
72%
piece
72%
show
72%
catch
71%
hometown
71%
same
71%
Shorter
71%
shorter,
71%
you're
71%
sinking
70%
there
70%
breath
69%
can
69%
hear
69%
relative
69%
with
69%
got
68%
like
68%
over,
68%
someone
68%
Waiting
68%
getting
67%
here
67%
hours
67%
are
66%
Every
66%
fire
66%
life
66%
rain
66%
say
66%
sunshine,
66%
watch
66%
more
65%
waste
65%
lying
64%
young
64%
my
63%
thought
63%
kill
62%
song
62%
beside
61%
gone,
61%
seem
61%
today
61%
bones
60%
English
60%
never
60%
staying
60%
long,
59%
offhand
59%
I'd
58%
Kicking
58%
warm
58%
good
57%
Fritter
55%
desperation
54%
bell
53%
quiet
53%
Hanging
52%
cold
47%
Far
47%
magic
46%
Racing
46%
across
45%
iron
45%
field
42%
their
39%
tolling
39%
faithful
37%
knees
37%
spoken
37%
lines
36%
softly
36%
half
34%
page
33%
Plans
33%
scribbled
33%
spells
32%
Calls
31%
naught
31%
either
30%
No matching quizzes found
Score Distribution
Percent of People with Each Score
Percentile by Number Answered
Your Score History
You have not taken this quiz